The Penguin Dictionary of English Synonyms and Antonyms

Na minha lista:
Detalhes bibliográficos
Formato: Livro
Idioma:inglês
Publicado em: London : Penguin Books, 1992
Assuntos:
Tags: Adicionar Tag
Sem tags, seja o primeiro a adicionar uma tag!

MARC

LEADER 00000nam a22000003a 4500
001 stu45955
005 20150408180223.0
008 971117s1992----uk------------------eng-d
020 |a 0-14-051168-7 
040 |a STU  |b slo 
041 0 |a eng 
044 |a uk 
080 |a 802.0 
080 |a 801.314(038) 
245 |a The Penguin Dictionary of English Synonyms and Antonyms 
260 |a London :  |b Penguin Books,  |c 1992 
300 |a 442 s 
650 7 |a Synonymá anglické  |2 stusub 
650 7 |a slovníky  |2 stusub 
650 7 |a Antonymá anglické  |2 stusub 
650 7 |a angličtina  |2 stusub 
650 7 |a synonymá  |2 stusub 
650 7 |a antonymá  |2 stusub 
996 |b 284M056009  |c M*9647-1  |l MMKN  |s A  |a 24  |w stu45955_0001